Details in architecture : (Record no. 8829)
[ view plain ]
| 000 -LEADER | |
|---|---|
| fixed length control field | 01130cam a22003255a 4500 |
| 003 - CONTROL NUMBER IDENTIFIER | |
| control field | EG-ScBUE |
| 005 - DATE AND TIME OF LATEST TRANSACTION | |
| control field | 20221110024449.0 |
| 008 - FIXED-LENGTH DATA ELEMENTS--GENERAL INFORMATION | |
| fixed length control field | 150827k20002004vraa f 001 0 eng d |
| 020 ## - INTERNATIONAL STANDARD BOOK NUMBER | |
| International Standard Book Number | 1876907576 (v. 4) |
| 020 ## - INTERNATIONAL STANDARD BOOK NUMBER | |
| International Standard Book Number | 9781864700381 (v.2) |
| 020 ## - INTERNATIONAL STANDARD BOOK NUMBER | |
| International Standard Book Number | 1864700386 (v.2) |
| 020 ## - INTERNATIONAL STANDARD BOOK NUMBER | |
| International Standard Book Number | 9781876907570 (v. 4) |
| 020 ## - INTERNATIONAL STANDARD BOOK NUMBER | |
| International Standard Book Number | 1876907800 (v. 5 ) |
| 020 ## - INTERNATIONAL STANDARD BOOK NUMBER | |
| International Standard Book Number | 9781876907808 (v. 5 ) |
| 040 ## - CATALOGING SOURCE | |
| Original cataloging agency | EG-ScBUE |
| Language of cataloging | eng |
| Description conventions | rda |
| Transcribing agency | EG-ScBUE |
| Modifying agency | EG-ScBUE |
| 082 04 - DEWEY DECIMAL CLASSIFICATION NUMBER | |
| Classification number | 721 |
| Item number | DET |
| Edition number | 22 |
| 245 00 - TITLE STATEMENT | |
| Title | Details in architecture : |
| Remainder of title | creative detailing by some of the world's leading architects / |
| Statement of responsibility, etc | edited by Joseph Boschetti. |
| 264 #1 - PUBLICATION, DISTRIBUTION, ETC. (IMPRINT) | |
| Place of publication, distribution, etc | Mulgrave, Victoria : |
| Name of publisher, distributor, etc | Images Publishing Group , |
| Date of publication, distribution, etc | 2000-2004. |
| 300 ## - PHYSICAL DESCRIPTION | |
| Extent | 3 volumes : |
| Other physical details | color illustrations, plans ; |
| Dimensions | 31 cm |
| 500 ## - GENERAL NOTE | |
| General note | Includes index. |
| 505 0# - FORMATTED CONTENTS NOTE | |
| Formatted contents note | Volume 2. -- Volume 4. -- Volume 5. |
| 590 ## - LOCAL NOTE (RLIN) | |
| Local note | doaa mohamed |
| 650 #7 - SUBJECT ADDED ENTRY--TOPICAL TERM | |
| Topical term or geographic name as entry element | Decoration and ornament, Architectural. |
| Source of heading or term | BUEsh |
| 9 (RLIN) | 13030 |
| 650 #7 - SUBJECT ADDED ENTRY--TOPICAL TERM | |
| Topical term or geographic name as entry element | Architecture |
| General subdivision | Details. |
| Source of heading or term | BUEsh |
| 9 (RLIN) | 26368 |
| 651 ## - SUBJECT ADDED ENTRY--GEOGRAPHIC NAME | |
| Source of heading or term | BUEsh |
| 653 ## - INDEX TERM--UNCONTROLLED | |
| Resource For college | Engineering, Architecture |
| Arrived date list | August2015 |
| 655 ## - INDEX TERM--GENRE/FORM | |
| Form subdivision | Reading book |
| 9 (RLIN) | 34232 |
| 700 1# - ADDED ENTRY--PERSONAL NAME | |
| Personal name | Boschetti, Joe, |
| Relator term | editor. |
| 9 (RLIN) | 33108 |
| 942 ## - ADDED ENTRY ELEMENTS (KOHA) | |
| Koha item type | NB - Book (Non borrowing) |
| Source of classification or shelving scheme | Dewey Decimal Classification |
| Withdrawn status | Lost status | Source of classification or shelving scheme | Damaged status | Not for loan | Home library | Current library | Shelving location | Date acquired | Source of acquisition | Total Checkouts | Full call number | Barcode | Date last seen | Koha item type | Public note |
|---|---|---|---|---|---|---|---|---|---|---|---|---|---|---|---|
| Dewey Decimal Classification | Central Library | Central Library | Second Floor | 25/03/2008 | Purchase | 721DET | 000010194 | 15/07/2025 | NB - Book (Non borrowing) | v.5 | |||||
| Dewey Decimal Classification | Central Library | Central Library | Second Floor | 27/08/2015 | Purchase | 721 DET | 000010196 | 15/07/2025 | NB - Book (Non borrowing) | v.4 | |||||
| Dewey Decimal Classification | Central Library | Central Library | Second Floor | 27/08/2015 | Purchase | 721 DET | 000001192 | 15/07/2025 | Book - Borrowing | v.4 | |||||
| Dewey Decimal Classification | Central Library | Central Library | Second Floor | 27/08/2015 | Purchase | 721 DET | 000001194 | 15/07/2025 | Book - Borrowing | v.5 | |||||
| Dewey Decimal Classification | Central Library | Central Library | Second Floor | 27/08/2015 | Purchase | 721 DET | 000010195 | 15/07/2025 | NB - Book (Non borrowing) | v.2 | |||||
| Dewey Decimal Classification | Central Library | Central Library | Second Floor | 27/08/2015 | Purchase | 721 DET | 000001193 | 15/07/2025 | Book - Borrowing | v.2 |